| 000 | 00714nam a2200217 a 4500 | ||
|---|---|---|---|
| 005 | 20240911063740.0 | ||
| 008 | 031031s1981 mx r 000 0 spa d | ||
| 020 | _a9685000405 | ||
| 035 | _aUPN01000130514 | ||
| 049 | _aCG | ||
| 050 | 4 |
_aF1411 _bR6.7 |
|
| 100 | 1 |
_aRomero, José Luis _932169 |
|
| 245 | 1 | 0 |
_aSituaciones e ideologías en Latinoamerica / _cJosé Luis Romero ; comp. Luis Alberto Romero. |
| 260 |
_aMéxico : _bUNAM, Centro Coordinador y Difusor de Estudios Latinoamericanos, _c1981. |
||
| 300 | _a244 p. | ||
| 440 | 0 |
_aNuestra América ; _v2 |
|
| 651 | 4 |
_aAMERICA LATINA - _xHISTORIOGRAFIA _9919 |
|
| 651 | 4 |
_aAmérica Latina _91068 |
|
| 700 | 1 |
_aRomero, Luis Alberto, _ecomp. |
|
| 905 | _aLibro | ||
| 999 |
_c102671 _d102671 |
||